ARRUPE JESUIT UNIVERSITY

CORONAVIRUS -STOP THE SPREAD - CLEAN,DISINFECT,COVER

The metaphysics of theism (Record no. 15568)

MARC details
000 -LEADER
fixed length control field 00605nam a2200229Ia 4500
003 - CONTROL NUMBER IDENTIFIER
control field 0100
005 - DATE AND TIME OF LATEST TRANSACTION
control field 20171017135959.0
008 - FIXED-LENGTH DATA ELEMENTS--GENERAL INFORMATION
fixed length control field 130303s9999 xx 000 0 und d
020 ## - INTERNATIONAL STANDARD BOOK NUMBER
International Standard Book Number 0198236603
040 ## - CATALOGING SOURCE
Transcribing agency ARRUPELIB
050 ## - LIBRARY OF CONGRESS CALL NUMBER
Classification number B765.T54K74 1996
300 ## - PHYSICAL DESCRIPTION
Other physical details 302p. 23cm
100 ## - MAIN ENTRY--PERSONAL NAME
Personal name Kretzmann, Norman
9 (RLIN) 37186
245 #4 - TITLE STATEMENT
Title The metaphysics of theism
245 ## - TITLE STATEMENT
Remainder of title Aquinas's natural theology in Summa contra gentiles I
260 ## - PUBLICATION, DISTRIBUTION, ETC. (IMPRINT)
Place of publication, distribution, etc Oxford
260 ## - PUBLICATION, DISTRIBUTION, ETC. (IMPRINT)
Name of publisher, distributor, etc Clarendon Press
300 ## - PHYSICAL DESCRIPTION
Extent xi
600 ## - SUBJECT ADDED ENTRY--PERSONAL NAME
Personal name Thomas Aquinas, St.
General subdivision summa contra gentiles
Chronological subdivision 1225?-1274
9 (RLIN) 37187
650 ## - SUBJECT ADDED ENTRY--TOPICAL TERM
Topical term or geographic name as entry element Metaphysics
9 (RLIN) 37188
650 ## - SUBJECT ADDED ENTRY--TOPICAL TERM
Topical term or geographic name as entry element Theism
9 (RLIN) 33989
650 ## - SUBJECT ADDED ENTRY--TOPICAL TERM
Topical term or geographic name as entry element Natural theology
9 (RLIN) 11072
942 00 - ADDED ENTRY ELEMENTS (KOHA)
Koha issues (borrowed), all copies 3
Source of classification or shelving scheme Library of Congress Classification
Koha item type Monograph ( Printed materials)
Holdings
Withdrawn status Lost status Source of classification or shelving scheme Damaged status Not for loan Collection code Home library Current library Shelving location Date acquired Total Checkouts Full call number Barcode Date last seen Date checked out Copy number Price effective from Koha item type
    Library of Congress Classification     Main Collection ARRUPE LIBRARY ARRUPE LIBRARY Main Collection 04/03/2013 4 B765.T531 C61 K74 1996 46003024839 25/01/2018 16/01/2018 1 04/03/2013 Monograph ( Printed materials)
    Library of Congress Classification     Main Collection ARRUPE LIBRARY ARRUPE LIBRARY Main Collection 04/03/2013   B765.T531 C61 k74 1996 46003088798 04/03/2013   2 04/03/2013 Monograph ( Printed materials)

 

Arrupe Library. PO Box MP320 Mt Pleasant, Harare, Zimbabwe
263 242 745411|librarian@aju.ac.zw